Nad scénařem ekonomické reformy. O úloze cen v prvé etapě přechodu k trhu.

Funkcia cien a inštitucionálne - systémové podmienky, v ktorých majú ceny pôsobiť. Zmeny v tvorbe cien. Vzťah ekonomickej súťaže a voľnej zmluvnej tvorby cien. Podmienky čs. ekonomiky a prijatie konceptu reformy presadzovaného Svetovou bankou a Medzinárodným menovým fondom. Charakteristika scenára a...

Descrizione completa

Salvato in:
Dettagli Bibliografici
Autore principale: Seják, Josef
Natura: Capitolo di libro
Lingua:ceco
Soggetti:
Tags: Aggiungi Tag
Nessun Tag, puoi essere il primo ad aggiungerne!!

MARC

LEADER 00000naa a2200000 4500
001 r003531
005 20221125081211.0
041 0 |a cze 
044 |a [CS] 
245 1 0 |a Nad scénařem ekonomické reformy.  |b O úloze cen v prvé etapě přechodu k trhu.  |c J. Seják 
520 |a Funkcia cien a inštitucionálne - systémové podmienky, v ktorých majú ceny pôsobiť. Zmeny v tvorbe cien. Vzťah ekonomickej súťaže a voľnej zmluvnej tvorby cien. Podmienky čs. ekonomiky a prijatie konceptu reformy presadzovaného Svetovou bankou a Medzinárodným menovým fondom. Charakteristika scenára a jednotlivých etáp reformy. 
610 2 0 |a reformy hospodárske 
610 2 0 |a ceny 
610 2 0 |a tvorba cien 
610 2 0 |a ČSFR 
610 2 0 |a Medzinárodný menový fond 
610 2 0 |a IBRD 
100 1 |a Seják, Josef